000 00757nam a2200289Ia 4500
005 20260324120905.0
008 008 260324s9999 xx 000 0 eng d
020 _a9781315777191
037 _aEBOOK
040 _aCRL
040 _beng
040 _cCRL
041 _2eng
041 _aeng
084 _qCRL
100 _aSaths Cooper; Kopano Ratele
_91160368
245 0 _aPsychology Serving Humanity: Proceedings of the 30th International Congress of Psychology
245 0 _bVolume 1: Majority World Psychology
260 _bTaylor and Francis
260 _c2014
365 _a
365 _b255
856 _uhttp://www.taylorfrancis.com/books/9781315777191
942 _cEBOOK
999 _c1752142
_d1752142